[Event "Bad Pyrmont Pape op-A 2nd"]
[Site "Bad Pyrmont"]
[Date "2023.08.13"]
[Round "6"]
[White "Aden, Meino"]
[Black "Reaves, Jason"]
[Result "1/2-1/2"]
[WhiteElo "1906"]
[BlackElo "1807"]
[PlyCount "113"]
[EventDate "2023.08.10"]
[EventType "swiss"]
[EventRounds "7"]
[EventCountry "GER"]
[SourceTitle "EXT 2024"]
[Source "ChessBase"]
[SourceDate "2023.10.10"]
[SourceVersion "1"]
[SourceVersionDate "2023.10.10"]
[SourceQuality "1"]

1. d4 c5 2. d5 e5 3. e4 f5 4. Nc3 d6 5. Bb5+ Nd7 6. f4 a6 7. Bxd7+ Bxd7 8. Nf3 fxe4 9. Nxe4 Nf6 10. Nxd6+ Bxd6 11. fxe5 0-0 12. 0-0 Bg4 13. exd6 c4 14. Qd4 Qxd6 15. Ne5 Bh5 16. Nxc4 Qxd5 17. Qxd5+ Nxd5 18. Rxf8+ Rxf8 19. Bd2 Rc8 20. Na3 b5 21. c3 Bg6 22. Re1 Kf7 23. Nb1 Re8 24. Rxe8 Kxe8 25. Na3 Bd3 26. b3 Kd7 27. Kf2 Kc6 28. Ke1 Nf6 29. Be3 Ne4 30. Bd4 g6 31. Kd1 Bf1 32. g3 Bd3 33. Nc2 Bxc2+ 34. Kxc2 Kd5 35. Kd3 Nd6 36. Be3 h5 37. Bf4 Nf7 38. c4+ bxc4+ 39. bxc4+ Kc6 40. Kc3 g5 41. Be3 h4 42. g4 h3 43. Kd4 Nh6 44. Bxg5 Nxg4 45. Bf4 Nf2 46. c5 Ng4 47. Bd6 Nf6 48. Ke3 Ng4+ 49. Kd4 Nf6 50. Kc4 a5 51. Kd4 a4 52. Kc4 Ng4 53. Kb4 a3 54. Kxa3 Nxh2 55. Kb4 Ng4 56. a4 Nf6 57. Kc4 1/2-1/2